000 00251nam a2200109Ia 4500
008 220216s9999 xx 000 0 und d
245 0 _aRubber-growing: The modern way
260 _bPlanter
_c1985
300 _a374-382
650 _aRubber
942 _cJS
999 _c68211
_d68211